| 000 -LEADER |
| fixed length control field |
00543cam a22001457a 4500 |
| 020 ## - INTERNATIONAL STANDARD BOOK NUMBER |
| ISBN |
9715600697 |
| 040 ## - CATALOGING SOURCE |
| Transcribing agency |
DLC |
| 082 ## - DEWEY DECIMAL CLASSIFICATION NUMBER |
| Classification number |
331 SEA 2001 A073 Or. |
| 100 1# - MAIN ENTRY--AUTHOR NAME |
| Personal name |
Flor, Alexander G., |
| 245 10 - TITLE STATEMENT |
| Title |
EDevelopment and knowledge management : |
| Remainder of title |
ICT applications for sustainable development / |
| 246 3# - VARYING FORM OF TITLE |
| Title proper/short title |
E development and knowledge management |
| 260 ## - PUBLICATION, DISTRIBUTION, ETC. (IMPRINT) |
| Place of publication |
College, Los Baños, Laguna, Philippines : |
| Name of publisher |
SEAMEO Regional Center for Graduate Study and Research in Agriculture, |
| Year of publication |
c2001 |
| 300 ## - PHYSICAL DESCRIPTION |
| Number of Pages |
iv, 104 p. : |
| Other physical details |
ill., maps ; |
| Dimensions |
23 cm. |
| 942 ## - ADDED ENTRY ELEMENTS (KOHA) |
| Koha item type |
សៀវភៅភាសាអង់គ្លេស |
| 952 ## - LOCATION AND ITEM INFORMATION (KOHA) |
| Withdrawn status [LOCAL, KOHA] |
0 |